Основы астрофотометрии. Практические основы фотометрии и спектрофотометрии звезд

Dades bibliogràfiques
Autor principal: Миронов А. В. Алексей Васильевич
Sumari:Книга посвящена изложению основ звёздной фотометрии и спектрофотометрии. Рассматриваются основные типы приемников излучения, применяемых в астрономии, и влияние земной атмосферы на прохождение излучения. Обсуждаются распределение энергии в спектрах звезд основных спектральных типов и важнейшие многоцветные фотометрические системы. Представлены методы проведения астрофотометрических наблюдений и их обработки. Книга рассчитана на астрономов и астрофизиков, аспирантов и студентов старших курсов соответствующих специальностей, а также на физиков, интересующихся методами звёздной фотометрии и спектрами звёзд.
Idioma:rus
Publicat: Москва, Физматлит, 2008
Col·lecció:Астрономия и астрофизика
Matèries:
Format: MixedMaterials Llibre
KOHA link:https://koha.lib.tpu.ru/cgi-bin/koha/opac-detail.pl?biblionumber=139714

MARC

LEADER 00000nam0a2200000 4500
001 139714
005 20231031141835.0
010 |a 9785922109352 
035 |a (RuTPU)RU\TPU\book\151349 
090 |a 139714 
100 |a 20080610d2008 km y0rusy50 ca 
101 0 |a rus 
102 |a RU 
105 |a a z 001zy 
200 1 |a Основы астрофотометрии. Практические основы фотометрии и спектрофотометрии звезд  |f А. В. Миронов 
210 |a Москва  |c Физматлит  |d 2008 
215 |a 260 с.  |c ил. 
225 1 |a Астрономия и астрофизика 
320 |a Список литературы: с. 254-258. 
330 |a Книга посвящена изложению основ звёздной фотометрии и спектрофотометрии. Рассматриваются основные типы приемников излучения, применяемых в астрономии, и влияние земной атмосферы на прохождение излучения. Обсуждаются распределение энергии в спектрах звезд основных спектральных типов и важнейшие многоцветные фотометрические системы. Представлены методы проведения астрофотометрических наблюдений и их обработки. Книга рассчитана на астрономов и астрофизиков, аспирантов и студентов старших курсов соответствующих специальностей, а также на физиков, интересующихся методами звёздной фотометрии и спектрами звёзд. 
610 1 |a астрофотометрия 
610 1 |a звезды 
610 1 |a фотометрия 
610 1 |a спектрофотометрия 
610 1 |a гетерохромная фотометрия 
610 1 |a фотометрические каталоги 
610 1 |a фотографическая фотометрия 
610 1 |a астрономические фотографии 
610 1 |a фотоэлектрическая фотометрия 
610 1 |a приборы 
610 1 |a устройства 
610 1 |a приборы с зарядовой связью 
610 1 |a земная атмосфера 
610 1 |a свет 
610 1 |a фотометрические системы 
610 1 |a астрономия 
610 1 |a астрофизика 
675 |a 520  |v 3 
700 1 |a Миронов  |b А. В.  |g Алексей Васильевич 
801 1 |a RU  |b 63413507  |c 20080610  |g PSBO 
801 2 |a RU  |b 63413507  |c 20081006  |g PSBO 
900 |a Фотометрия 
942 |c BK 
959 |a 65/20080529  |d 1  |e 198,00  |f ЧЗТЛ:1